MARC

LEADER 00000cam a2200000 7i4500
001 0000022719
005 20100604.0
008 100428 my a may
040 |a INS 
090 0 0 |a M258 
110 1 |a Kursus bimbingan PTK subjek khusus : Pengurusan dan penyenggaraan bangunan ,   |d 2009 23 November   |c INSPEN, Bangi 
245 0 0 |a Kursus bimbingan PTK subjek khusus : Pengurusan dan penyenggaraan bangunan :   |b 23 November 2009   |c Anjuran Pusat Pembangunan Profesional dan Eksekutif, INSPEN 
260 |a Bangi :   |b Institut Penilaian Negara ,   |c 2009 
300 |a 1v. ( Various paging ) :   |b ill. ;   |c 30 cm. 
650 0 |a Building   |x Maintenence and repair 
710 1 |a INSPEN ( Institut Penilaian Negara ) 
856 |u http://app.inspen.gov.my:7779/pls/portal/docs/PAGE/CORPORATEPAGES/PORTAL_INSPEN/NOTA_KURSUS/MANAGEMENT/32.%20KURSUS%20BIMBINGAN%20PTK%20SUBJEK%20KHUSUS%20PENGURUSAN%20DAN%20PENYENGGARAAN%20BANGUNAN.PDF 
999 |a M000000572   |b BOOK   |c Course Notes   |e Default branch 
999 |a M000000573   |b BOOK   |c Course Notes   |e Default branch 
999 |a M000000574   |b BOOK   |c Course Notes   |e Default branch